Burgos (Record no. 157833)

MARC details
000 -LEADER
campo de control de longitud fija 00860nam a22002055i 4500
001 - NÚMERO DE CONTROL
campo de control 157833
003 - IDENTIFICADOR DE NÚMERO DE CONTROL
campo de control ES-MaACL
005 - FECHA Y HORA DE LA ÚLTIMA TRANSACCIÓN
campo de control 20251005063123.0
008 - DATOS DE LONGITUD FIJA--INFORMACIÓN GENERAL
campo de control de longitud fija 990304s1886 sp a |||| | spa d
040 ## - FUENTE DE CATALOGACIÓN
Centro catalogador/agencia de origen CCPB | B
Lengua de catalogación spa
Centro/agencia transcriptor CCPB | B
100 1# - ENTRADA PRINCIPAL--NOMBRE DE PERSONA
Nombre de persona Llacayo y Santa María, Augusto,
Fechas asociadas al nombre 1839-1886
9 (RLIN) 128990
245 10 - MENCIÓN DEL TÍTULO
Título Burgos
Resto del título : catedral, Cartuja, Huelgas : monumentos religiosos, artísticos è históricos, curiosidades, cosas notables de Burgos y sus cercanías /
Mención de responsabilidad, etc. por Augusto Llacayo.
260 ## - PUBLICACIÓN, DISTRIBUCIÓN, ETC.
Lugar de publicación, distribución, etc. Burgos :
Nombre del editor, distribuidor, etc. [s.n.],
Fecha de publicación, distribución, etc. 1886 (
Fabricante Imprenta de Timoteo Arnáiz)
300 ## - DESCRIPCIÓN FÍSICA
Extensión XIV, 236, [8] p., [9] h. de lám. ;
Dimensiones 20 cm.
599 ## - NOTA A LAS ILUSTRACIONES
NOTA A LAS ILUSTRACIONES Una de las h. de lám. es retrato del autor.
651 #4 - PUNTO DE ACCESO ADICIONAL DE MATERIA--NOMBRE GEOGRÁFICO
Nombre geográfico Burgos-
Subdivisión general Monumentos.
9 (RLIN) 137071
651 #4 - PUNTO DE ACCESO ADICIONAL DE MATERIA--NOMBRE GEOGRÁFICO
Nombre geográfico Burgos (Provincia)-
Subdivisión general Descripción.
9 (RLIN) 7904
852 ## - LOCALIZACIÓN
Ubicación ES-MaACL
Número de control de estantería G-1015
Nota libre -- Rúst.
Holdings
Estatus retirado Estado de pérdida Estado de daño No para préstamo Colección Biblioteca de origen Biblioteca actual Ubicación en estantería Fecha de adquisición Fuente de adquisición Total de préstamos Signatura topográfica completa Código de barras Visto por última vez Precio de reemplazo Tipo de ítem Koha
        Libros del s. XIX Biblioteca del Ateneo de Madrid Biblioteca del Ateneo de Madrid Depósito 2 17/01/2008     G-1015 1165175 23/02/2023 23/02/2023 Libro impreso antiguo